[Event "World Chess Olympiad 2018"]
[Site "Batumi"]
[Date "2018.09.26"]
[Round "3"]
[Board "3"]
[WhiteFideId "908630"]
[White "Makolli Perparim"]
[BlackFideId "410969"]
[Black "Walker Martin G"]
[Result "0-1"]
[LiveChessVersion "1.4.8"]
[BlackElo "2078"]
[WhiteElo "2284"]

1. e4 {[%clk 1:30:50]} e5 {[%clk 1:30:47]} 2. Nf3 {[%clk 1:29:59]} Nc6
{[%clk 1:30:46]} 3. Bb5 {[%clk 1:30:16]} a6 {[%clk 1:30:55]} 4. Ba4
{[%clk 1:30:29]} Nf6 {[%clk 1:31:07]} 5. O-O {[%clk 1:30:52]} Nxe4
{[%clk 1:31:33]} 6. d4 {[%clk 1:30:30]} b5 {[%clk 1:31:26]} 7. Bb3
{[%clk 1:30:54]} d5 {[%clk 1:31:41]} 8. dxe5 {[%clk 1:30:32]} Be6
{[%clk 1:31:57]} 9. Nbd2 {[%clk 1:27:51]} Nc5 {[%clk 1:32:17]} 10. c3
{[%clk 1:26:10]} d4 {[%clk 1:31:52]} 11. Bxe6 {[%clk 1:15:06]} Nxe6
{[%clk 1:32:15]} 12. cxd4 {[%clk 1:09:26]} Ncxd4 {[%clk 1:31:55]} 13. Nxd4
{[%clk 1:01:03]} Nxd4 {[%clk 1:28:49]} 14. Ne4 {[%clk 0:56:28]} Be7
{[%clk 0:40:39]} 15. Qg4 {[%clk 0:50:10]} Qd5 {[%clk 0:38:10]} 16. Ng3
{[%clk 0:28:56]} h5 {[%clk 0:24:45]} 17. Nxh5 {[%clk 0:21:32]} Qxe5
{[%clk 0:25:00]} 18. Ng3 {[%clk 0:21:13]} Rh4 {[%clk 0:25:01]} 19. Qd1
{[%clk 0:20:42]} O-O-O {[%clk 0:23:45]} 20. Be3 {[%clk 0:20:36]} Kb8
{[%clk 0:12:31]} 21. Bxd4 {[%clk 0:18:50]} Rhxd4 {[%clk 0:12:25]} 22. Qc1
{[%clk 0:14:56]} Rc4 {[%clk 0:12:15]} 23. Qe1 {[%clk 0:14:57]} Bf6
{[%clk 0:12:08]} 24. Qa5 {[%clk 0:14:58]} Ra4 {[%clk 0:12:26]} 25. Qe1
{[%clk 0:14:23]} Qxe1 {[%clk 0:12:26]} 26. Rfxe1 {[%clk 0:14:29]} Bxb2
{[%clk 0:12:33]} 27. Rab1 {[%clk 0:14:55]} Bf6 {[%clk 0:11:45]} 28. Re2
{[%clk 0:14:45]} Rad4 {[%clk 0:10:54]} 29. Ree1 {[%clk 0:13:36]} Ra4
{[%clk 0:10:03]} 30. Re2 {[%clk 0:13:50]} Rd3 {[%clk 0:10:25]} 31. Ne4
{[%clk 0:13:15]} Bd4 {[%clk 0:10:50]} 32. Ng5 {[%clk 0:12:55]} Rda3
{[%clk 0:10:32]} 33. Nxf7 {[%clk 0:11:53]} Rxa2 {[%clk 0:10:57]} 34. Re8+
{[%clk 0:11:50]} Ka7 {[%clk 0:10:49]} 35. Re7 {[%clk 0:09:43]} Rxf2
{[%clk 0:09:37]} 36. Kh1 {[%clk 0:10:07]} Bb6 {[%clk 0:09:43]} 37. Nd8
{[%clk 0:08:57]} Rd2 {[%clk 0:08:33]} 38. Re8 {[%clk 0:08:00]} Raa2
{[%clk 0:07:47]} 39. Rc1 {[%clk 0:07:52]} Rac2 {[%clk 0:08:13]} 0-1

[Event "World Chess Olympiad 2018"]
[Site "Batumi"]
[Date "2018.09.26"]
[Round "3"]
[Board "4"]
[WhiteFideId "13200518"]
[White "Kim Saebyeok"]
[BlackFideId "22100199"]
[Black "Uruci Endrit"]
[Result "1/2-1/2"]
[LiveChessVersion "1.4.8"]
[BlackElo "2157"]
[WhiteElo "1999"]

1. e4 {[%clk 1:30:52]} c5 {[%clk 1:30:40]} 2. Nf3 {[%clk 1:31:11]} Nc6
{[%clk 1:30:56]} 3. d4 {[%clk 1:31:35]} cxd4 {[%clk 1:31:22]} 4. Nxd4
{[%clk 1:32:00]} e5 {[%clk 1:31:40]} 5. Nb5 {[%clk 1:31:38]} a6 {[%clk 1:32:04]}
6. Nd6+ {[%clk 1:32:04]} Bxd6 {[%clk 1:32:25]} 7. Qxd6 {[%clk 1:32:29]} Qe7
{[%clk 1:32:51]} 8. Qd1 {[%clk 1:30:55]} Nf6 {[%clk 1:33:14]} 9. Nc3
{[%clk 1:31:21]} d6 {[%clk 1:33:38]} 10. Bg5 {[%clk 1:31:06]} Be6
{[%clk 1:34:01]} 11. Nd5 {[%clk 1:31:27]} Bxd5 {[%clk 1:34:25]} 12. exd5
{[%clk 1:31:50]} Nb8 {[%clk 1:34:46]} 13. Be2 {[%clk 1:30:28]} Nbd7
{[%clk 1:34:35]} 14. c4 {[%clk 1:27:31]} O-O {[%clk 1:32:06]} 15. O-O
{[%clk 1:27:56]} a5 {[%clk 1:32:00]} 16. Qc2 {[%clk 1:12:05]} Rfc8
{[%clk 1:32:18]} 17. Bg4 {[%clk 1:04:40]} Rc7 {[%clk 1:30:06]} 18. Bxd7
{[%clk 0:31:48]} Rxd7 {[%clk 1:27:38]} 19. f4 {[%clk 0:31:58]} h6
{[%clk 1:25:09]} 20. fxe5 {[%clk 0:29:52]} hxg5 {[%clk 1:23:41]} 21. exf6
{[%clk 0:30:13]} gxf6 {[%clk 1:14:03]} 22. Rae1 {[%clk 0:30:24]} Qd8
{[%clk 1:14:26]} 23. Rf3 {[%clk 0:30:14]} Re7 {[%clk 1:12:54]} 24. Ref1
{[%clk 0:29:18]} Qb6+ {[%clk 1:13:17]} 25. Kh1 {[%clk 0:29:20]} Qd4
{[%clk 1:13:42]} 26. Qf5 {[%clk 0:24:11]} Re2 {[%clk 1:11:08]} 27. b3
{[%clk 0:13:00]} Rae8 {[%clk 1:07:04]} 28. Qxf6 {[%clk 0:07:49]} Qxf6
{[%clk 1:06:08]} 29. Rxf6 {[%clk 0:08:13]} Rxa2 {[%clk 1:06:20]} 30. Rxd6
{[%clk 0:04:21]} Ree2 {[%clk 1:06:23]} 31. Rg1 {[%clk 0:03:51]} Rab2
{[%clk 1:06:18]} 32. Rb6 {[%clk 0:02:37]} a4 {[%clk 1:05:38]} 33. Rxb7
{[%clk 0:02:55]} a3 {[%clk 1:04:57]} 34. d6 {[%clk 0:02:00]} Red2
{[%clk 1:01:42]} 35. d7 {[%clk 0:02:15]} Kg7 {[%clk 0:51:53]} 36. h3
{[%clk 0:00:49]} g4 {[%clk 0:43:11]} 37. hxg4 {[%clk 0:00:50]} a2
{[%clk 0:41:38]} 38. Ra7 {[%clk 0:00:55]} Rxb3 {[%clk 0:41:02]} 39. Rxa2
{[%clk 0:00:47]} Rxd7 {[%clk 0:41:10]} 40. Rc2 {[%clk 0:30:49]} Rg3
{[%clk 1:10:33]} 41. c5 {[%clk 0:29:04]} Rxg4 {[%clk 1:10:55]} 42. Rb1
{[%clk 0:29:11]} Rc7 {[%clk 1:10:13]} 43. Kg1 {[%clk 0:26:21]} Rg5
{[%clk 1:09:38]} 44. c6 {[%clk 0:26:19]} Rg6 {[%clk 1:10:01]} 45. Rb6
{[%clk 0:26:20]} Rf6 {[%clk 1:10:20]} 46. g3 {[%clk 0:18:58]} Ra7
{[%clk 1:09:42]} 47. Rb7 {[%clk 0:13:17]} Rxc6 {[%clk 1:09:49]} 48. Rxf7+
{[%clk 0:13:25]} Kxf7 {[%clk 1:10:12]} 49. Rxc6 {[%clk 0:13:53]} Ra2
{[%clk 1:10:34]} 1/2-1/2

[Event "World Chess Olympiad 2018"]
[Site "Batumi"]
[Date "2018.09.26"]
[Round "3"]
[Board "1"]
[WhiteFideId "8200084"]
[White "Matoewi Roger"]
[BlackFideId "1700146"]
[Black "Wiedenkeller Michael"]
[Result "0-1"]
[LiveChessVersion "1.4.8"]
[BlackElo "2464"]
[WhiteElo "2067"]

1. e4 {[%clk 1:30:53]} e6 {[%clk 1:30:45]} 2. d4 {[%clk 1:30:52]} d5
{[%clk 1:31:09]} 3. Nd2 {[%clk 1:30:33]} c5 {[%clk 1:30:57]} 4. exd5
{[%clk 1:30:17]} exd5 {[%clk 1:30:48]} 5. Ngf3 {[%clk 1:29:59]} Nc6
{[%clk 1:31:10]} 6. Be2 {[%clk 1:29:21]} Nf6 {[%clk 1:24:46]} 7. O-O
{[%clk 1:28:09]} h6 {[%clk 1:16:41]} 8. c3 {[%clk 1:02:57]} c4 {[%clk 1:07:06]}
9. a4 {[%clk 0:53:26]} Bd6 {[%clk 1:02:32]} 10. b3 {[%clk 0:52:14]} cxb3
{[%clk 1:02:22]} 11. Qxb3 {[%clk 0:52:26]} O-O {[%clk 1:01:58]} 12. Ba3
{[%clk 0:51:38]} Na5 {[%clk 0:58:11]} 13. Qa2 {[%clk 0:46:40]} Be6
{[%clk 0:47:56]} 14. Bxd6 {[%clk 0:35:56]} Qxd6 {[%clk 0:47:51]} 15. Bd3
{[%clk 0:30:30]} Rac8 {[%clk 0:46:18]} 16. Qb2 {[%clk 0:27:12]} Rc7
{[%clk 0:41:51]} 17. Rfc1 {[%clk 0:23:21]} Rfc8 {[%clk 0:41:03]} 18. Rc2
{[%clk 0:21:58]} Nd7 {[%clk 0:36:50]} 19. Rac1 {[%clk 0:18:55]} Qf4
{[%clk 0:31:01]} 20. Qb5 {[%clk 0:12:53]} b6 {[%clk 0:27:39]} 21. Qb4
{[%clk 0:07:39]} Nc6 {[%clk 0:23:03]} 22. Qb2 {[%clk 0:06:37]} Bf5
{[%clk 0:17:33]} 23. Bxf5 {[%clk 0:06:03]} Qxf5 {[%clk 0:17:56]} 24. Nf1
{[%clk 0:03:52]} Nf6 {[%clk 0:09:56]} 25. Ne3 {[%clk 0:03:25]} Qe6
{[%clk 0:06:42]} 26. c4 {[%clk 0:02:47]} Ne7 {[%clk 0:03:29]} 27. c5
{[%clk 0:02:12]} bxc5 {[%clk 0:03:12]} 28. Rxc5 {[%clk 0:02:30]} Rxc5
{[%clk 0:03:05]} 29. Rxc5 {[%clk 0:02:53]} Ne4 {[%clk 0:03:01]} 30. Rxc8+
{[%clk 0:02:36]} Qxc8 {[%clk 0:03:30]} 31. Ne5 {[%clk 0:02:15]} Qc3
{[%clk 0:03:24]} 32. Qxc3 {[%clk 0:01:05]} Nxc3 {[%clk 0:03:53]} 33. a5
{[%clk 0:00:44]} Ne2+ {[%clk 0:04:13]} 34. Kf1 {[%clk 0:01:08]} Nxd4
{[%clk 0:04:42]} 35. Ke1 {[%clk 0:00:41]} Nb3 {[%clk 0:04:37]} 36. a6
{[%clk 0:00:50]} Nc5 {[%clk 0:04:54]} 37. Kd2 {[%clk 0:01:00]} Nxa6
{[%clk 0:04:28]} 38. Kd3 {[%clk 0:00:50]} Nc5+ {[%clk 0:04:38]} 39. Kd4
{[%clk 0:00:34]} Ne6+ {[%clk 0:04:58]} 40. Kd3 {[%clk 0:30:53]} f6
{[%clk 0:33:08]} 41. Nf3 {[%clk 0:29:06]} Kf7 {[%clk 0:30:03]} 42. g3
{[%clk 0:28:49]} Ke8 {[%clk 0:28:13]} 43. Nd2 {[%clk 0:27:47]} Kd7
{[%clk 0:28:18]} 44. h4 {[%clk 0:25:10]} h5 {[%clk 0:26:54]} 45. f3
{[%clk 0:22:43]} Kd6 {[%clk 0:26:46]} 46. Nb1 {[%clk 0:21:22]} d4
{[%clk 0:25:38]} 47. Nc4+ {[%clk 0:21:11]} Kd5 {[%clk 0:25:56]} 48. Ncd2
{[%clk 0:21:20]} Nc5+ {[%clk 0:26:12]} 49. Ke2 {[%clk 0:21:27]} Nf5
{[%clk 0:25:49]} 50. Kf2 {[%clk 0:21:34]} a5 {[%clk 0:25:57]} 0-1

[Event "World Chess Olympiad 2018"]
[Site "Batumi"]
[Date "2018.09.26"]
[Round "3"]
[Board "2"]
[WhiteFideId "4000102"]
[White "Berend Fred"]
[BlackFideId "8200041"]
[Black "Gajadin Dewperkash"]
[Result "1-0"]
[LiveChessVersion "1.4.8"]
[BlackElo "2010"]
[WhiteElo "2358"]

1. d4 {[%clk 1:30:57]} Nf6 {[%clk 1:30:52]} 2. c4 {[%clk 1:31:22]} e5
{[%clk 1:31:06]} 3. dxe5 {[%clk 1:31:46]} Ng4 {[%clk 1:31:27]} 4. e4
{[%clk 1:31:57]} Nxe5 {[%clk 1:29:36]} 5. f4 {[%clk 1:32:16]} Ng6
{[%clk 1:17:21]} 6. Nf3 {[%clk 1:30:23]} Bb4+ {[%clk 1:09:52]} 7. Nc3
{[%clk 1:28:20]} O-O {[%clk 1:08:53]} 8. Qc2 {[%clk 1:22:40]} Re8
{[%clk 1:07:22]} 9. f5 {[%clk 1:18:12]} Nh4 {[%clk 1:02:23]} 10. Kd1
{[%clk 1:02:26]} d5 {[%clk 0:45:36]} 11. cxd5 {[%clk 0:59:12]} Nxf3
{[%clk 0:31:16]} 12. gxf3 {[%clk 0:59:34]} c6 {[%clk 0:30:14]} 13. Rg1
{[%clk 0:56:37]} cxd5 {[%clk 0:25:36]} 14. Bd3 {[%clk 0:35:52]} dxe4
{[%clk 0:18:24]} 15. fxe4 {[%clk 0:36:15]} Qd4 {[%clk 0:14:04]} 16. Rg3
{[%clk 0:34:00]} Nc6 {[%clk 0:10:56]} 17. Be3 {[%clk 0:29:15]} Qe5
{[%clk 0:10:17]} 18. Ne2 {[%clk 0:27:47]} Bxf5 {[%clk 0:07:49]} 19. Bf4
{[%clk 0:25:56]} Qe7 {[%clk 0:05:53]} 20. exf5 {[%clk 0:22:18]} Nd4
{[%clk 0:04:22]} 21. Qa4 {[%clk 0:20:09]} b5 {[%clk 0:03:15]} 22. f6
{[%clk 0:20:14]} Qxe2+ {[%clk 0:01:44]} 23. Bxe2 {[%clk 0:20:32]} bxa4
{[%clk 0:01:37]} 24. Rxg7+ {[%clk 0:20:21]} Kh8 {[%clk 0:01:51]} 25. a3
{[%clk 0:11:59]} Ba5 {[%clk 0:02:00]} 26. Rg5 {[%clk 0:11:29]} Nxe2
{[%clk 0:01:24]} 27. Rxa5 {[%clk 0:11:38]} Nxf4 {[%clk 0:01:37]} 28. Rxa4
{[%clk 0:11:44]} Red8+ {[%clk 0:01:10]} 29. Kc2 {[%clk 0:11:39]} Rac8+
{[%clk 0:01:29]} 30. Kb1 {[%clk 0:11:06]} Nd3 {[%clk 0:01:03]} 31. Rxa7
{[%clk 0:10:05]} Rc1+ {[%clk 0:01:18]} 32. Ka2 {[%clk 0:10:34]} Rc2
{[%clk 0:01:46]} 33. Rb1 {[%clk 0:10:04]} Nc1+ {[%clk 0:01:43]} 34. Ka1
{[%clk 0:10:20]} Nb3+ {[%clk 0:02:00]} 35. Ka2 {[%clk 0:10:10]} Nd2
{[%clk 0:02:05]} 36. Re1 {[%clk 0:10:27]} Nf3 {[%clk 0:00:55]} 37. Re3
{[%clk 0:06:15]} Nd4 {[%clk 0:00:37]} 38. Rxf7 {[%clk 0:05:44]} Rxh2
{[%clk 0:00:42]} 39. Rfe7 {[%clk 0:03:18]} h5 {[%clk 0:00:47]} 40. Re8+
{[%clk 0:32:03]} Rxe8 {[%clk 0:31:16]} 41. Rxe8+ {[%clk 0:32:24]} Kh7
{[%clk 0:31:44]} 42. f7 {[%clk 0:32:51]} Ne6 {[%clk 0:30:51]} 43. Rxe6
{[%clk 0:27:55]} Kg7 {[%clk 0:31:15]} 44. Rf6 {[%clk 0:27:42]} Kf8
{[%clk 0:31:23]} 45. a4 {[%clk 0:27:27]} Rd2 {[%clk 0:31:33]} 46. a5
{[%clk 0:24:43]} h4 {[%clk 0:31:10]} 47. a6 {[%clk 0:21:25]} Rd8 {[%clk 0:26:20]}
48. b4 {[%clk 0:19:28]} h3 {[%clk 0:25:37]} 49. Rh6 {[%clk 0:17:51]} Kxf7
{[%clk 0:23:19]} 50. Rxh3 {[%clk 0:17:13]} Ra8 {[%clk 0:23:16]} 51. b5
{[%clk 0:16:47]} Ke6 {[%clk 0:23:36]} 52. Kb3 {[%clk 0:17:08]} Kd6
{[%clk 0:23:25]} 53. Rc3 {[%clk 0:17:32]} Kd5 {[%clk 0:23:08]} 54. Kb4
{[%clk 0:17:56]} Kd6 {[%clk 0:21:42]} 55. Rc6+ {[%clk 0:18:23]} Kd7
{[%clk 0:21:53]} 56. Rc1 {[%clk 0:18:52]} Kd6 {[%clk 0:22:02]} 57. Ka5
{[%clk 0:19:18]} Rh8 {[%clk 0:20:48]} 58. a7 {[%clk 0:19:35]} Rh2
{[%clk 0:20:34]} 59. Kb6 {[%clk 0:19:58]} 1-0

[Event "World Chess Olympiad 2018"]
[Site "Batumi"]
[Date "2018.09.26"]
[Round "3"]
[Board "3"]
[WhiteFideId "8200211"]
[White "Sanches Casanova Romario"]
[BlackFideId "4000803"]
[Black "Jeitz Christian"]
[Result "0-1"]
[LiveChessVersion "1.4.8"]
[BlackElo "2220"]
[WhiteElo "2029"]

1. e4 {[%clk 1:30:56]} c5 {[%clk 1:30:53]} 2. Nc3 {[%clk 1:31:16]} Nc6
{[%clk 1:31:17]} 3. g3 {[%clk 1:31:43]} g6 {[%clk 1:31:41]} 4. Bg2
{[%clk 1:32:11]} Bg7 {[%clk 1:32:05]} 5. d3 {[%clk 1:32:31]} d6 {[%clk 1:32:20]}
6. Be3 {[%clk 1:32:31]} e6 {[%clk 1:32:26]} 7. Qd2 {[%clk 1:32:17]} Rb8
{[%clk 1:31:52]} 8. Nge2 {[%clk 1:28:29]} Nd4 {[%clk 1:29:49]} 9. O-O
{[%clk 1:28:08]} Ne7 {[%clk 1:28:05]} 10. Nd1 {[%clk 1:23:29]} O-O
{[%clk 1:27:37]} 11. c3 {[%clk 1:22:18]} Nxe2+ {[%clk 1:27:56]} 12. Qxe2
{[%clk 1:22:46]} b5 {[%clk 1:27:21]} 13. f4 {[%clk 1:15:38]} b4 {[%clk 1:20:58]}
14. d4 {[%clk 1:11:40]} bxc3 {[%clk 1:18:30]} 15. bxc3 {[%clk 1:11:15]} cxd4
{[%clk 1:16:57]} 16. Bxd4 {[%clk 1:02:11]} Bxd4+ {[%clk 1:15:38]} 17. cxd4
{[%clk 1:02:38]} d5 {[%clk 1:01:22]} 18. exd5 {[%clk 0:51:07]} Nxd5
{[%clk 0:58:22]} 19. Qd2 {[%clk 0:50:36]} Ba6 {[%clk 0:54:44]} 20. Re1
{[%clk 0:44:01]} Qd6 {[%clk 0:52:34]} 21. Ne3 {[%clk 0:39:02]} Nxe3
{[%clk 0:36:29]} 22. Qxe3 {[%clk 0:37:47]} Rb2 {[%clk 0:33:26]} 23. d5
{[%clk 0:20:39]} Bb7 {[%clk 0:30:59]} 24. Rab1 {[%clk 0:15:52]} Rxg2+
{[%clk 0:28:50]} 25. Kxg2 {[%clk 0:16:20]} Qxd5+ {[%clk 0:29:13]} 0-1

[Event "World Chess Olympiad 2018"]
[Site "Batumi"]
[Date "2018.09.26"]
[Round "3"]
[Board "4"]
[WhiteFideId "4000714"]
[White "Gengler Pierre"]
[BlackFideId "8200173"]
[Black "Hanoeman Suradj"]
[Result "1/2-1/2"]
[LiveChessVersion "1.4.8"]
[BlackElo "1996"]
[WhiteElo "2205"]

1. e4 {[%clk 1:30:58]} c5 {[%clk 1:28:54]} 2. Nf3 {[%clk 1:31:25]} e6
{[%clk 1:28:54]} 3. d4 {[%clk 1:31:51]} cxd4 {[%clk 1:29:08]} 4. Nxd4
{[%clk 1:32:18]} a6 {[%clk 1:29:24]} 5. Bd3 {[%clk 1:32:45]} Nf6 {[%clk 1:28:48]}
6. O-O {[%clk 1:32:30]} d6 {[%clk 1:28:55]} 7. Qe2 {[%clk 1:30:49]} g6
{[%clk 1:26:33]} 8. c4 {[%clk 1:29:09]} Bg7 {[%clk 1:26:48]} 9. Nc3
{[%clk 1:29:28]} O-O {[%clk 1:26:35]} 10. h3 {[%clk 1:29:42]} Nbd7
{[%clk 1:26:05]} 11. Rd1 {[%clk 1:29:45]} Qc7 {[%clk 1:25:58]} 12. Be3
{[%clk 1:29:46]} b6 {[%clk 1:24:47]} 13. Rac1 {[%clk 1:30:04]} Bb7
{[%clk 1:23:43]} 14. b4 {[%clk 1:24:06]} Rac8 {[%clk 1:21:00]} 15. f4
{[%clk 1:21:35]} Qb8 {[%clk 1:15:26]} 16. Nb3 {[%clk 1:05:15]} Qa8
{[%clk 1:05:47]} 17. Bd4 {[%clk 0:54:56]} Bh6 {[%clk 0:51:46]} 18. Be3
{[%clk 0:29:21]} Bg7 {[%clk 0:33:17]} 19. Nd2 {[%clk 0:25:55]} Rfe8
{[%clk 0:33:04]} 20. Na4 {[%clk 0:25:45]} Nxe4 {[%clk 0:29:17]} 21. Nxe4
{[%clk 0:19:40]} Bxe4 {[%clk 0:29:30]} 22. Nxb6 {[%clk 0:19:04]} Nxb6
{[%clk 0:21:37]} 23. Bxb6 {[%clk 0:19:29]} Bxd3 {[%clk 0:18:46]} 24. Qxd3
{[%clk 0:18:45]} Qb7 {[%clk 0:18:39]} 25. Ba5 {[%clk 0:18:33]} e5
{[%clk 0:15:54]} 26. Qxd6 {[%clk 0:16:35]} exf4 {[%clk 0:15:50]} 27. Qxf4
{[%clk 0:15:42]} Re4 {[%clk 0:13:22]} 28. Qf3 {[%clk 0:15:49]} Qe7
{[%clk 0:12:49]} 29. c5 {[%clk 0:12:34]} Bh6 {[%clk 0:10:23]} 30. Rb1
{[%clk 0:11:18]} Re8 {[%clk 0:07:15]} 31. c6 {[%clk 0:07:07]} Be3+
{[%clk 0:06:19]} 32. Kh1 {[%clk 0:07:18]} Bf4 {[%clk 0:06:11]} 33. Rf1
{[%clk 0:02:56]} g5 {[%clk 0:03:42]} 34. b5 {[%clk 0:02:21]} axb5
{[%clk 0:03:36]} 35. Rxb5 {[%clk 0:01:51]} Re3 {[%clk 0:03:09]} 36. Qh5
{[%clk 0:01:51]} Rg3 {[%clk 0:02:23]} 37. c7 {[%clk 0:00:40]} Qe4
{[%clk 0:01:35]} 38. Rb2 {[%clk 0:00:53]} Qe5 {[%clk 0:00:58]} 39. Re2
{[%clk 0:00:53]} Re3 {[%clk 0:00:44]} 40. Rxe3 {[%clk 0:31:04]} Qxe3
{[%clk 0:31:10]} 41. Qf3 {[%clk 0:30:45]} Qc5 {[%clk 0:28:54]} 42. Bd2
{[%clk 0:14:58]} Qxc7 {[%clk 0:28:43]} 43. Bxf4 {[%clk 0:15:20]} Qxf4
{[%clk 0:28:25]} 44. Qxf4 {[%clk 0:15:42]} gxf4 {[%clk 0:28:42]} 45. Rxf4
{[%clk 0:15:48]} Re2 {[%clk 0:28:52]} 46. Ra4 {[%clk 0:15:35]} Kg7
{[%clk 0:29:00]} 47. Kh2 {[%clk 0:15:59]} Re3 {[%clk 0:26:41]} 48. Rg4+
{[%clk 0:15:08]} Kf6 {[%clk 0:26:39]} 49. Rg3 {[%clk 0:15:37]} Re2
{[%clk 0:26:49]} 50. a3 {[%clk 0:15:33]} Re4 {[%clk 0:26:06]} 51. Rf3+
{[%clk 0:15:24]} Ke6 {[%clk 0:26:22]} 52. Kg3 {[%clk 0:15:35]} f5
{[%clk 0:26:09]} 53. Kf2 {[%clk 0:15:28]} Ra4 {[%clk 0:25:51]} 54. Ke2
{[%clk 0:15:16]} Ke5 {[%clk 0:25:59]} 55. Re3+ {[%clk 0:14:49]} Kd4
{[%clk 0:25:45]} 56. Rb3 {[%clk 0:14:56]} Ra7 {[%clk 0:25:10]} 57. g3
{[%clk 0:12:53]} h5 {[%clk 0:24:53]} 58. Re3 {[%clk 0:12:45]} h4 {[%clk 0:23:59]}
59. gxh4 {[%clk 0:10:08]} Rh7 {[%clk 0:24:10]} 60. Rb3 {[%clk 0:09:30]} f4
{[%clk 0:24:36]} 61. Rb4+ {[%clk 0:09:10]} Ke5 {[%clk 0:23:57]} 62. h5
{[%clk 0:09:22]} Rc7 {[%clk 0:22:53]} 63. Rb3 {[%clk 0:08:21]} Ke4
{[%clk 0:22:52]} 64. Rb4+ {[%clk 0:07:12]} Ke5 {[%clk 0:23:08]} 65. a4
{[%clk 0:03:34]} Rc2+ {[%clk 0:22:37]} 66. Kd1 {[%clk 0:02:58]} Rh2
{[%clk 0:22:27]} 67. a5 {[%clk 0:02:55]} Ra2 {[%clk 0:22:24]} 68. Rb5+
{[%clk 0:01:47]} Ke4 {[%clk 0:22:52]} 69. h6 {[%clk 0:02:01]} f3 {[%clk 0:21:51]}
70. Rb4+ {[%clk 0:01:30]} Kf5 {[%clk 0:18:59]} 71. Rb5+ {[%clk 0:00:32]} Kg6
{[%clk 0:19:27]} 72. Rb6+ {[%clk 0:00:46]} Kh7 {[%clk 0:19:24]} 73. Ke1
{[%clk 0:00:49]} Rxa5 {[%clk 0:19:24]} 74. Kf2 {[%clk 0:01:06]} Rf5
{[%clk 0:19:37]} 75. h4 {[%clk 0:01:21]} Rh5 {[%clk 0:19:45]} 76. Kg3
{[%clk 0:01:40]} f2 {[%clk 0:19:38]} 77. Rf6 {[%clk 0:02:02]} Rxh6
{[%clk 0:19:48]} 1/2-1/2

[Event "World Chess Olympiad 2018"]
[Site "Batumi"]
[Date "2018.09.26"]
[Round "3"]
[Board "1"]
[WhiteFideId "6400361"]
[White "Munoz Santana Jose Lisandro"]
[BlackFideId "15200540"]
[Black "Beukes Dante M"]
[Result "1-0"]
[LiveChessVersion "1.4.8"]
[BlackElo "2155"]
[WhiteElo "2434"]

1. Nf3 {[%clk 1:30:45]} Nf6 {[%clk 1:30:53]} 2. c4 {[%clk 1:31:10]} g6
{[%clk 1:31:11]} 3. b4 {[%clk 1:31:15]} Bg7 {[%clk 1:30:10]} 4. Bb2
{[%clk 1:31:37]} O-O {[%clk 1:30:22]} 5. g3 {[%clk 1:31:45]} d6 {[%clk 1:29:55]}
6. Bg2 {[%clk 1:32:08]} c6 {[%clk 1:29:53]} 7. O-O {[%clk 1:32:18]} a5
{[%clk 1:26:32]} 8. b5 {[%clk 1:31:21]} d5 {[%clk 1:24:13]} 9. Na3
{[%clk 1:27:11]} cxb5 {[%clk 1:13:52]} 10. cxb5 {[%clk 1:27:13]} a4
{[%clk 1:13:49]} 11. Rc1 {[%clk 1:25:56]} Qd6 {[%clk 1:06:42]} 12. d3
{[%clk 1:20:50]} Bd7 {[%clk 1:01:05]} 13. Qd2 {[%clk 1:09:53]} Nh5
{[%clk 0:44:56]} 14. Nd4 {[%clk 0:59:44]} Rd8 {[%clk 0:40:31]} 15. e3
{[%clk 0:49:15]} Be8 {[%clk 0:35:07]} 16. Bc3 {[%clk 0:49:20]} e5
{[%clk 0:30:49]} 17. Bb4 {[%clk 0:49:16]} Qf6 {[%clk 0:29:40]} 18. Ne2
{[%clk 0:45:48]} Bf8 {[%clk 0:28:11]} 19. Bxf8 {[%clk 0:43:46]} Kxf8
{[%clk 0:28:36]} 20. Qb4+ {[%clk 0:44:11]} Kg8 {[%clk 0:28:50]} 21. Rc7
{[%clk 0:43:57]} Qb6 {[%clk 0:28:23]} 22. Qe7 {[%clk 0:43:23]} Nd7
{[%clk 0:26:56]} 23. Rfc1 {[%clk 0:43:40]} Nhf6 {[%clk 0:25:50]} 24. h4
{[%clk 0:33:52]} Kg7 {[%clk 0:22:33]} 25. d4 {[%clk 0:33:49]} Ng8
{[%clk 0:20:25]} 26. Qb4 {[%clk 0:33:50]} e4 {[%clk 0:20:27]} 27. Nf4
{[%clk 0:33:15]} Ndf6 {[%clk 0:16:32]} 28. Bh3 {[%clk 0:33:19]} Kh8
{[%clk 0:10:21]} 29. Qf8 {[%clk 0:19:22]} Bd7 {[%clk 0:08:33]} 30. Qc5
{[%clk 0:17:20]} Qxc5 {[%clk 0:07:44]} 31. R1xc5 {[%clk 0:17:43]} b6
{[%clk 0:07:35]} 32. Rc1 {[%clk 0:17:04]} Ne7 {[%clk 0:06:44]} 33. Rb7
{[%clk 0:13:31]} Bxh3 {[%clk 0:03:56]} 34. Nxh3 {[%clk 0:10:44]} Nc8
{[%clk 0:04:12]} 35. Rxf7 {[%clk 0:11:01]} Ne8 {[%clk 0:04:38]} 36. Ng5
{[%clk 0:10:55]} Ncd6 {[%clk 0:03:32]} 37. Rf8+ {[%clk 0:10:20]} 1-0

[Event "World Chess Olympiad 2018"]
[Site "Batumi"]
[Date "2018.09.26"]
[Round "3"]
[Board "2"]
[WhiteFideId "15200019"]
[White "Mueller Leonhard"]
[BlackFideId "6405525"]
[Black "Abreu Jean Carlos Paul"]
[Result "0-1"]
[LiveChessVersion "1.4.8"]
[BlackElo "2310"]
[WhiteElo "2190"]

1. d4 {[%clk 1:30:56]} d5 {[%clk 1:30:46]} 2. c4 {[%clk 1:31:13]} c6
{[%clk 1:31:08]} 3. Nf3 {[%clk 1:31:37]} Nf6 {[%clk 1:30:14]} 4. Nc3
{[%clk 1:31:51]} a6 {[%clk 1:29:37]} 5. cxd5 {[%clk 1:31:58]} cxd5
{[%clk 1:29:59]} 6. Bg5 {[%clk 1:31:47]} Ne4 {[%clk 1:26:13]} 7. Bh4
{[%clk 1:30:52]} Nc6 {[%clk 1:22:09]} 8. e3 {[%clk 1:31:09]} Qa5 {[%clk 1:21:56]}
9. Qb3 {[%clk 1:29:28]} Qb4 {[%clk 1:11:53]} 10. Qc2 {[%clk 1:14:51]} Bf5
{[%clk 1:11:18]} 11. Bd3 {[%clk 1:15:00]} Qa5 {[%clk 1:11:15]} 12. Qb3
{[%clk 1:00:21]} Nxc3 {[%clk 0:57:11]} 13. Bxf5 {[%clk 0:59:38]} Nb5+
{[%clk 0:42:17]} 14. Ke2 {[%clk 0:56:23]} e6 {[%clk 0:42:13]} 15. Bd3
{[%clk 0:56:08]} f6 {[%clk 0:41:05]} 16. a4 {[%clk 0:50:08]} Nd6 {[%clk 0:41:04]}
17. Bg3 {[%clk 0:50:06]} Qb4 {[%clk 0:40:09]} 18. Ra3 {[%clk 0:38:01]} Nc4
{[%clk 0:31:45]} 19. Bxc4 {[%clk 0:35:52]} dxc4 {[%clk 0:32:09]} 20. Qc2
{[%clk 0:34:36]} Rc8 {[%clk 0:24:09]} 21. Rd1 {[%clk 0:34:33]} Qa5
{[%clk 0:23:19]} 22. Raa1 {[%clk 0:34:10]} Nb4 {[%clk 0:23:10]} 23. Qd2
{[%clk 0:28:51]} Qd5 {[%clk 0:21:35]} 24. Kf1 {[%clk 0:27:44]} Be7
{[%clk 0:21:58]} 25. Qe2 {[%clk 0:25:46]} O-O {[%clk 0:19:50]} 26. e4
{[%clk 0:19:53]} Qd7 {[%clk 0:20:19]} 27. Bf4 {[%clk 0:12:43]} Nd3
{[%clk 0:19:37]} 28. Be3 {[%clk 0:12:50]} Rfe8 {[%clk 0:18:33]} 29. Ne1
{[%clk 0:12:54]} Nb4 {[%clk 0:15:46]} 30. Nc2 {[%clk 0:12:32]} Nd3
{[%clk 0:15:49]} 31. Ne1 {[%clk 0:12:54]} Qc7 {[%clk 0:15:02]} 32. Kg1
{[%clk 0:12:32]} Nf4 {[%clk 0:14:12]} 33. Qf3 {[%clk 0:11:48]} Ng6
{[%clk 0:14:23]} 34. Qg4 {[%clk 0:10:27]} Bd6 {[%clk 0:14:07]} 35. g3
{[%clk 0:10:16]} Rcd8 {[%clk 0:10:30]} 36. h4 {[%clk 0:10:35]} f5
{[%clk 0:08:29]} 37. Qf3 {[%clk 0:07:15]} f4 {[%clk 0:07:02]} 38. e5
{[%clk 0:06:57]} fxe3 {[%clk 0:06:41]} 39. exd6 {[%clk 0:07:02]} exf2+
{[%clk 0:07:03]} 40. Qxf2 {[%clk 0:37:21]} Qxd6 {[%clk 0:37:14]} 41. Nf3
{[%clk 0:32:57]} Rf8 {[%clk 0:36:06]} 42. Ra3 {[%clk 0:31:48]} Rf5
{[%clk 0:35:23]} 43. Kg2 {[%clk 0:28:20]} Ne5 {[%clk 0:32:14]} 44. Qe2
{[%clk 0:27:34]} Nd3 {[%clk 0:32:23]} 45. Qe4 {[%clk 0:22:42]} Rdf8
{[%clk 0:23:30]} 46. Ng5 {[%clk 0:16:07]} Nf2 {[%clk 0:20:31]} 0-1